Statistics for American Geography by Letter #2

Click here to take the quiz!

General Stats

  • This quiz has been taken 73 times
  • The average score is 9 of 26

Answer Stats

LetterClueAnswer% Correct
YFirst National ParkYellowstone
81%
VThe Capitral of the Confederacy is in this stateVirginia
79%
DFirst U.S City to go BankruptDetroit
77%
ILeading Soybean Producing StateIllinois
73%
WNashville is ____ of MontgomeryWest
73%
FCity in Northern ArizonaFlagstaff
71%
E2nd Largest City in OregonEugene
68%
GNickname for New JerseyGarden State
65%
XUniversity in New OrleansXavier University of Louisiana
48%
ACity midway between Dallas and Fort WorthArlington, Texas
45%
RLost ColonyRoanoke
45%
NCity where the Iditarod endsNome
39%
SCity with the I-10, I-35 InterchangeSan Antonio
29%
HLargest AirportHartsfield-Jackson
26%
OLake in FloridaOkeechobee
26%
JTallest Building in BostonJohn Hancock Tower
13%
UCity between Hoboken and West New YorkUnion City
10%
ZLargest City beginning with "Z"Zanesville, Ohio
10%
LWhere the Hindenburg CrashedLakehurst, New Jersey
8%
PCity in Western MassachusettsPittsfield
8%
MSeattle's Climate TypeMarine West Coast
5%
BHonored on Delaware's Series II QuarterBombay Hook National Wildlife Refuge
2%
CMemphis' Land UseCommercial Farming
2%
KWesternmost Hawaiian IslandKure Atoll
2%
QNaval Base in North Kingstown, RIQuonset Point Naval Air Station
2%
TPeak where the Great Divide meets the Hudson Bay DivideTriple Divide Peak
2%

Score Distribution

Percentile by Number Answered

Percent of People with Each Score

Your Score History

You have not taken this quiz